| 000 | 00631nam a22001097a 4500 | ||
|---|---|---|---|
| 008 | 161031b xxu||||| |||| 00| 0 eng d | ||
| 100 | _aSteuer, Friedrich | ||
| 245 |
_aHandbuch und Katalog der deutschen Kolonial-Vorlaufer _bmit Bewertung aller auf Vor- und Mitlaufern moglichen Abstempelungen, unter Berucksichtigung der bei den deutschen Auslandspostamtern und Kolonien nachweisbaren, verschiedenen Auflagen der verwendeten Marken des Deutschen Reiches |
||
| 250 | _61st edition | ||
| 260 |
_aMunich, Germany _bSchwaneberger Verlag _c1973 |
||
| 650 | _aGerman Colonies | Germany | Collecting | Catalogs and Price Lists | Prices and Values | ||
| 999 |
_c2081 _d2081 |
||